| 000 -ლიდერი |
| ფიქსირებული სიგრძის საკონტროლო ველი |
01188nam a2200253Ia 4500 |
| 001 - საკონტროლო ნომერი |
| საკონტროლო ველი |
7993 |
| 003 - საკონტროლო ნომრის იდენტიფიკატორი |
| საკონტროლო ველი |
GE_BSU |
| 005 - ბოლო ოპერაციის თარიღი და დრო |
| საკონტროლო ველი |
20221003160023.0 |
| 008 - ფიქსირებული სიგრძის მონაცემთა ელემენტები - ზოგადი ინფორმაცია |
| ფიქსირებული სიგრძის საკონტროლო ველი |
181216s2013ge xx |||||||||||||| ||geo|| |
| 020 ## - წიგნის საერთაშორისო სტანდარტული ნომერი |
| International Standard Book Number |
9789941220371 |
| 040 ## - კატალოგიზაციის წყარო |
| Transcribing agency |
GE_BSU |
| 041 ## - ენის კოდი |
| Language code of text/sound track or separate title |
geo |
| 080 ## - უნივერსალური ათობითი კლასიფიკაციის ინდექსი |
| Universal Decimal Classification number |
94(479.22) ს-18 |
| 100 ## - მთავარი ჩანაწერი - პიროვნების სახელი |
| Personal name |
საითაძე, გიორგი (გელა) |
| 9 (RLIN) |
14988 |
| 245 ## - ცნობა სათაურის შესახებ |
| Title |
ისტორიულ-პუბლიცისტური ნარკვევები / |
| Statement of responsibility, etc |
გიორგი (გელა) საითაძე, რედ: ავთანდილ სონღულაშვილი, გოჩა საითაძე |
| 264 ## - წარმოების, გამოცემის, დისტრიბუციის და სხვა ცნობები |
| გამოცემის, წარმოების, დისტრიბუციის... ადგილი |
თბილისი : |
| გამოცემის, წარმოების, დისტრიბუციის... სახელწოდება |
უნივერსალი, |
| გამოცემის, წარმოების, დისტრიბუციის... თარიღი |
2013. |
| 300 ## - ფიზიკური აღწერა |
| Extent |
468 გვ: |
| Dimensions |
23 სმ. |
| 501 ## - შენიშვნა თანმხლებ მასალაზე |
| With note |
საძიებ. გვ. 466-468 |
| 653 ## - INDEX TERM--UNCONTROLLED |
| Uncontrolled term |
ისტორიულ-პუბლიცისტური ნარკვევები |
| 653 ## - INDEX TERM--UNCONTROLLED |
| Uncontrolled term |
ისტორია |
| 700 ## - ADDED ENTRY--PERSONAL NAME |
| Personal name |
სონღულაშვილი, ავთანდილ |
| Relator term |
რედაქტორი |
| 9 (RLIN) |
14989 |
| 700 ## - ADDED ENTRY--PERSONAL NAME |
| Personal name |
საითაძე, გოჩა |
| Relator term |
რედაქტორი |
| 9 (RLIN) |
14990 |
| 942 ## - ADDED ENTRY ELEMENTS (KOHA) |
| Koha item type |
წიგნი |
| Source of classification or shelving scheme |
|